|
|
|
|
| LEADER |
00000nab a2200000 a 4500 |
| 001 |
vtls000739268 |
| 003 |
SK-MaSNL |
| 005 |
20260304120954.0 |
| 008 |
250429c2000 xo 0 slo |
| 015 |
|
|
|a SNBRB2000/11-29203
|
| 035 |
|
|
|a CLN000091127
|
| 035 |
|
|
|a urn:nbn:sk:snk-ab73lv
|
| 035 |
|
|
|a (uuid)28722145-cfab-4249-96f9-6c2ab3b3bbc8
|
| 035 |
|
|
|a (urnnbn)urn:nbn:sk:snk:ar-a06s28
|
| 035 |
|
|
|a (sysno)vtls000739268
|
| 040 |
|
|
|a SNKBUCL
|b slo
|c SNKBUCL
|e AACR2
|
| 041 |
0 |
|
|a slo
|
| 044 |
|
|
|a xo
|c SK
|
| 080 |
|
|
|a 657.63:061.2(437.6)
|2 1997
|
| 100 |
1 |
|
|a Glosíková, Klára
|4 ain
|9 265624
|
| 245 |
1 |
0 |
|a Priority Slovenskej komory audítorov
|c Klára Glosíková, Ivan Bošela
|
| 300 |
|
|
|b Fotogr.
|
| 504 |
|
|
|a Biogr. údaje
|
| 610 |
2 |
7 |
|a Slovenská komora audítorov
|2 snkbucl
|9 36637
|
| 655 |
|
7 |
|a články z novín a časopisov
|2 snkbucl
|9 267496
|
| 700 |
1 |
|
|a Bošela, Ivan,
|d 1955-
|4 aut
|9 19572
|
| 773 |
0 |
|
|t Dane a účtovníctvo v praxi
|g Č. 10 (2000), s. 36-37
|x 1335-7034
|
| 850 |
|
|
|a Slovenská národná knižnica
|
| 852 |
|
|
|a Slovenská národná knižnica
|
| 954 |
|
|
|a odborná, vedecká literatúra pôvodná (slovenská)
|2 lita
|
| 958 |
|
|
|a article27
|
| 958 |
|
|
|a SK
|
| 958 |
|
|
|a BX
|
| 958 |
|
|
|a OND
|
| 958 |
|
|
|a EUIPO
|
| 992 |
|
|
|a RBX
|
| 999 |
|
|
|c 2882644
|d 2884574
|